|
|
|
|
| LEADER |
01966cam a2200553 a 4500 |
| 001 |
nkc20122430358 |
| 003 |
CZ PrNK |
| 005 |
20130222111309.0 |
| 007 |
ta |
| 008 |
121102s2012 xr a e f 001 0 cze d |
| 015 |
|
|
|a cnb002430358
|
| 020 |
|
|
|a 978-80-7236-804-4
|q (brož.)
|
| 035 |
|
|
|a (OCoLC)827261792
|
| 040 |
|
|
|a CBA001
|b cze
|d ABA001
|
| 041 |
1 |
|
|a cze
|h ger
|
| 072 |
|
7 |
|a 636
|x Chov zvířat. Živočišná výroba
|2 Konspekt
|9 24
|
| 080 |
|
|
|a 636.98:598.132.4
|2 MRF
|
| 080 |
|
|
|a 636.025.08
|2 MRF
|
| 080 |
|
|
|a 636.084
|2 MRF
|
| 080 |
|
|
|a 636.085/.087
|2 MRF
|
| 080 |
|
|
|a (035)
|2 MRF
|
| 100 |
1 |
|
|a Wilke, Hartmut,
|d 1943-
|7 xx0022104
|4 aut
|
| 245 |
1 |
0 |
|a Vaše želva /
|c Hartmut Wilke ; [překlad Gabriela Richterová]
|
| 250 |
|
|
|a České vyd. 1.
|
| 260 |
|
|
|a Praha :
|b Vašut,
|c 2012
|
| 300 |
|
|
|a 144 s. :
|b barev. il. ;
|c 24 cm
|
| 490 |
1 |
|
|a Vaše zvířátko
|
| 500 |
|
|
|a Přeloženo z němčiny
|
| 504 |
|
|
|a Obsahuje bibliografii, bibliografické odkazy a rejstřík
|
| 650 |
0 |
7 |
|a želvy
|7 ph127960
|2 czenas
|
| 650 |
0 |
7 |
|a chov exotických zvířat
|7 ph574512
|2 czenas
|
| 650 |
0 |
7 |
|a krmení zvířat
|7 ph183333
|2 czenas
|
| 650 |
0 |
7 |
|a krmiva
|7 ph115017
|2 czenas
|
| 650 |
0 |
9 |
|a turtles
|2 eczenas
|
| 650 |
0 |
9 |
|a keeping of exotic animals
|2 eczenas
|
| 650 |
0 |
9 |
|a animal feeding
|2 eczenas
|
| 650 |
0 |
9 |
|a feeds
|2 eczenas
|
| 655 |
|
7 |
|a příručky
|7 fd133209
|2 czenas
|
| 655 |
|
9 |
|a handbooks and manuals
|2 eczenas
|
| 765 |
0 |
|
|t Meine Schildkröte
|9 Česky
|
| 830 |
|
0 |
|a Vaše zvířátko
|0 s
|
| 910 |
2 |
|
|a BOA001
|b 2-1298.126
|
| 928 |
9 |
|
|a Jan Vašut
|
| 990 |
|
|
|a BK
|
| 995 |
|
|
|a 01
|
| 991 |
|
|
|b 201301
|c NOV
|e n
|
| 996 |
6 |
|
|b 2610534024
|c 2-1298.126
|l MZK
|r Sklad / do 1 hodiny
|n 5
|p p.v.
|w 001306970
|u 000010
|a 1
|e BOA001
|j MZK50
|s P
|
| 996 |
6 |
|
|b 2610540694
|c 2-1298.126
|l MZK
|r STM 6p
|n 0
|p kup
|h 636.98/.99 WIL
|w 001306970
|u 000020
|a 0
|e BOA001
|j MZK50
|s P
|
| 996 |
7 |
|
|b 2610540695
|c 2-1298.126
|l MZK
|r Sklad / do 1 hodiny
|n 8
|p kup
|w 001306970
|u 000040
|a 1
|e BOA001
|j MZK50
|s A
|